|
|
|
|
| LEADER |
00000cam a2200000 7i4500 |
| 001 |
0000002552 |
| 002 |
000002778 |
| 005 |
20000330.0 |
| 020 |
|
|
|a 0412554909
|
| 090 |
0 |
0 |
|a 658.5752
|b WEB
|
| 100 |
1 |
|
|a Webb, Alan
|
| 245 |
1 |
0 |
|a Managing innovative projects
|c Alan Webb
|
| 260 |
|
|
|a London :
|b Chapman & Hall ,
|c 1994
|
| 300 |
|
|
|a 379p. :
|b ill. ;
|c 25cm.
|
| 650 |
0 |
0 |
|a Industrial management
|
| 650 |
0 |
0 |
|a New products
|x Management
|
| 650 |
0 |
0 |
|a Product management
|
| 650 |
0 |
0 |
|a Strategic planning
|
| 650 |
0 |
0 |
|a Technological innovations
|x Management
|
| 999 |
|
|
|a 036263
|b BUKU
|c PINJAMAN
|e PERPUSTAKAAN KOMUNITI PETALING JAYA
|